Szczegóły MARC21

Wzory i obrazki : program rozwijający percepcję wzrokową : poziom wyższy /

003 -Nazwa inst., której nr kontr. jest w polu 001 [,]
    • @
    • Nazwa instytucji, której n kontrolny jest w polu 001
    • NUKAT
005 -DATA I CZAS OSTATNIEJ MODYFIKACJI [,]
    • @
    • pole kontrolne
    • 20241231114426.0
020 -Międzynarod. znormalizowany nr książki - ISBN [ , ]
    • a
    • Numer ISBN
    • 8385512357 Find
040 -Instytucja sporządzająca opis [ , ]
    • a
    • Instytucja, która sporządziła opis (NP)
    • KAT U/30HG
    • c
    • Instytucja, która sporządziła rekord (NP)
    • KAT U/30HG
    • d
    • Instytucja, która zmodyfikowała rekord (P)
    • KAT U/30MS
942 -Rodzaj dokumentu [ , ]
    • c
    • Rodzaj dokumentu
    • Książka
100 -Hasło główne - nazwa osobowa [1, ]
    • a
    • Nazwa osobowa (NP)
    • Frostig, Marianne
    • d
    • Daty biograficzne (NP)
    • (1906-1985).
    • 9
    • KHW
    • 436720
245 -Strefa tytułu i oznaczenia odpowiedzialności [1,0]
    • a
    • Tytuł
    • Wzory i obrazki : Find
    • b
    • Ciąg dalszy tytułu (NP)
    • program rozwijający percepcję wzrokową : poziom wyższy / Find
    • c
    • Pozostałe elementy strefy tytułu i oznaczenia odpowiedzialności (NP)
    • Marianne Frostig, David Horne ; [il. Lowell Richardson] ; Pracownia Testów Psychologicznych Polskiego Towarzystwa Psychologicznego.
246 -Wariant tytułu [1, ]
    • i
    • Tekst wyświetlany na ekranie monitora (NP)
    • Tyt. oryg.:
    • a
    • Tytuł (NP)
    • Pictures and patterns
260 -Strefa adresu wydawniczego [ , ]
    • a
    • Miejsce wydania (P)
    • Warszawa :
    • b
    • Nazwa wydawcy (P)
    • Polskie Towarzystwo Psychologiczne,
    • c
    • Data wydania (P)
    • 1986.
300 -Strefa opisu fizycznego [ , ]
    • a
    • Określenie formy książki i/lub objętość (NP)
    • 128 s. :
    • b
    • Oznaczenie ilustracji (NP)
    • rys. ;
    • c
    • Format (NP)
    • 30 cm.
336 -Typ zawartości [ , ]
    • a
    • Termin opisujący typ zawartości
    • Tekst
    • b
    • Kod określający zawartość
    • txt
    • 2
    • Źródło (terminu i kodu)
    • rdacontent
337 -Typ mediów [ , ]
    • a
    • Tryb odtwarzania
    • Bez urządzenia pośredniczącego
    • b
    • Kod typu mediów
    • n
    • 2
    • Źródło (terminu i kodu)
    • rdamedia
338 -Typ/rodzaj nośnika [ , ]
    • a
    • Hasło opisujące typ nośnika
    • Wolumin
    • b
    • Kod typu nośnika
    • nc
    • 2
    • Źródło (terminu i kodu)
    • rdacarrier
500 -Uwaga ogólna [ , ]
    • a
    • Uwaga ogólna (NP)
    • Zawiera tylko rys.
500 -Uwaga ogólna [ , ]
    • a
    • Uwaga ogólna (NP)
    • Opis wg okł.
650 -Hasło przedmiotowe [ ,7]
    • a
    • Hasło przedmiotowe
    • Percepcja wzrokowa u dzieci
    • v
    • Określnik formalny
    • zadania i ćwiczenia.
    • 2
    • Źródło terminu
    • kaba
    • 9
    • KHW
    • 436972
700 -Hasło dodatkowe - nazwa osobowa [1, ]
    • a
    • Nazwa osobowa (NP)
    • Horne, David. Find
    • 9
    • KHW
    • 436721
700 -Hasło dodatkowe - nazwa osobowa [1, ]
    • a
    • Nazwa osobowa (NP)
    • Richardson, Lowell. Find
    • e
    • Określenie rodzaju współpracy
    • Il.
    • 9
    • KHW
    • 436784
920 -ISBN [ , ]
    • a
    • ISBN
    • 83-85512-35-7 Find
Numer inwentarzowy Status udost. Lokalizacja
Pd.50251BG
Pd.50311BNS